| 000 | 00940nam a2200313 a 4500 | ||
|---|---|---|---|
| 001 | 000116008 | ||
| 003 | CHAP | ||
| 005 | 20220329144557.0 | ||
| 008 | 190828s2009 mx |r| ||||p|spa d | ||
| 010 | _a112469 | ||
| 011 | _a113441 | ||
| 020 | _a9786070022180 | ||
| 040 | _cCHAP | ||
| 082 | 0 | 4 |
_a861 _bR17f |
| 100 | 1 |
_aRamos Koprivitza, Frida Varinia. _9136661 |
|
| 245 | 1 | 4 |
_aLas fronteras del exilio / _cpor Frida Varinia Ramos Koprivitza; editado por Alfredo Castro Mondragón. |
| 260 |
_aMorelos : _bQuadrivium, _c2009. |
||
| 300 | _a60 p. | ||
| 490 | _aEl divan de las quimeras | ||
| 590 |
_aE11695DGD _b10 _c20190828 _lUCH01 _h1121 |
||
| 590 |
_aE5765TAJ _b05 _c20190828 _lUCH01 _h0942 |
||
| 650 | 1 | 4 |
_aLiteratura mexicana. _967138 |
| 650 | 1 | 4 |
_aPoesía mexicana. _990146 |
| 700 | 1 |
_aCastro Mondragón, Alfredo _eed. _9136456 |
|
| 830 | 3 |
_aEl divan de las quimeras _9136662 |
|
| 901 | _aBK | ||
| 942 | _cLIBRO | ||
| 942 | _n0 | ||
| 999 |
_c112469 _d112469 |
||